02286nam a2200397uu 4500001000800000005001700008008004100025020001800066035001200084040001300096041000800109082000800117100003500125245006400160250001100224260004800235300001800283520096100301650001301262650003001275650002301305650004201328650002801370650002901398650002301427650002101450650003601471650003301507700004601540700009701586700004301683700004001726700004201766700003801808700004201846137998720260508085524.0140728s2014 spa  a9789588844374 a1379987 ccomduadb aspa 4a37010aOviedo, Paulo Emilio4auteaut10aInvestigaciones y desafíos para la docencia del siglo XXI a1. ed. aBogotá :bUniversidad de la Salle,c2014. a198 páginas3 ade cara a un mundo que contagiara la idea de que todo esta perdido o de una sociedad envuelta en el torbellino de ya nada se pude hacer, el maestro tendrá la responsabilidad o la lucidez necesaria para decir a las nuevas generaciones de estudiantes que si es posible un mejor futuro, que si vale la le pena la vida con sus tensiones y dificultades y que hay utopías por alcanzar y muchos sueños inéditos en cada una de las personas. Los educadores no podrán ser promulgadores de fatalismos o derrotismos. Todo lo contrario. Su labor de fondo, lo que da sentido a su oficio, es su capacidad y su tesón para ser un poco de luz en medio de la oscuridad y percibir un intersticio de posibilidad en donde todos ven fracaso y perdida. Porque no se podrá ser un maestro -un maestro de verdad- si no se tiene alguna confianza en el que aprende, alguna esperanza en medio de la torpeza y el desgano, algún ideal a pesar de las condiciones adversas. aDocencia aDocentes - Investigadores aPerfil del docente aPolíticas públicas en educación aEvaluacion del profesor aEstrategias didácticas 0aActividad física aMalestar docente 7aCompetencia comunicativa2embne 7aCapacitación docente2lemb10aPastrana Armírola, Luz Helena4auteaut10aVásquez Rodríguez, Fernando,d1955-4aut0(isni)0000 0000 4649 34700(viaf)41504236eaut10aCamacho Rojas, Jaime Augusto4auteaut10aCiro Silva, Victor Manuel4auteaut10aRuíz Alfonso, Elba Yaneth4auteaut10aDomínguez Caro, Luisa4auteaut10aDuitama Adame, Oscar Iván4auteaut